000 00533nam a2200205Ia 4500
005 20250923150214.0
008 008 250917s9999 xx 000 0 eng d
037 _aTextual
040 _aDSWL
_beng
_cDSWL
041 _aeng
_2eng
084 _qDSWL
100 _aBose, A
_9843374
245 0 _aWomen's Empowerment through Capacity Building
_cby A Bose
260 _aNew Delhi
_b Samakriti
_c2004
300 _a186 p.
365 _aINR
_b550 .0
925 _g550 .0
942 _cTEXL
999 _c1460780
_d1460780